00574cam a22001697a 4500008004000000020001500040082001300055100001800068245008500086260003700171300001000208650002700218650002200245650003400267999001900301952008400320180718b1999 xxu||||| |||| 00| 0 eng d a0198505434 aA99 P166 aPais, Abraham aTale of two continents: a physicist's life in a turbulent worldcby Abraham Pais aOxfordbOxford Univ. Pressc1999 a511p. aPhysicists - Biography aScience - History aPais, Abraham - Autobiography c391555d391555 00104070aIIPAbIIPAd2000-03-25oA99 P166p74948r2018-07-21w2018-07-21yBK